00590nam a22002057a 450000500170000001000110001702000110002803500110003903700160005004000120006608200160007810000170009424500500011126000470016127000550020830000250026350000510028865000240033965000210036320170124110057.0 a940505 c100.00 a940505 bCen Lib/Ret aDPLbEN a954.11bSUF aSufi, G.M.D. aIslamic culture in kashmir /cby G.M.D. Sufi  aNew Delhi bLight & Life Publishers c1979 a2428, Tilak Street, PaharhganjbNew Delhi e110055 avii, 393p.c21cm(Hb) aIncludes bibliographical references and index  aHistory of kashmir  aIslamic culture